000 00298nam a22001337a 4500
008 170629b xxu||||| |||| 00| 0 eng d
020 _a2900226257470
041 _aeng
080 _a94
100 _a16
101 _aSHH
245 _aDOCUMENTING INTIMATE MATTERS
_cFOSTER,TH.A
942 _2udc
_cBK
999 _c19456
_d19456